LEADER 05036nam 22007215 450 001 996465560103316 005 20200704105029.0 010 $a3-540-46953-2 024 7 $a10.1007/3-540-53669-8 035 $a(CKB)1000000000233608 035 $a(SSID)ssj0000321951 035 $a(PQKBManifestationID)11232333 035 $a(PQKBTitleCode)TC0000321951 035 $a(PQKBWorkID)10280998 035 $a(PQKB)10844710 035 $a(DE-He213)978-3-540-46953-7 035 $a(PPN)155227270 035 $a(EXLCZ)991000000000233608 100 $a20121227d1991 u| 0 101 0 $aeng 135 $aurnn|008mamaa 181 $ctxt 182 $cc 183 $acr 200 10$aCompiler Compilers$b[electronic resource] $eThird International Workshop, CC `90. Schwerin, FRG, October 22-24, 1990. Proceedings /$fedited by Dieter Hammer 205 $a1st ed. 1991. 210 1$aBerlin, Heidelberg :$cSpringer Berlin Heidelberg :$cImprint: Springer,$d1991. 215 $a1 online resource (VIII, 229 p.) 225 1 $aLecture Notes in Computer Science,$x0302-9743 ;$v477 300 $aBibliographic Level Mode of Issuance: Monograph 311 $a3-540-53669-8 327 $aRecursive ascent-descent parsers -- Application development with the FNC-2 attribute grammar system -- Compilation for instruction parallel processors -- A generator for production quality compilers -- Rie and Jun: Towards the generation of all compiler phases -- STARLET: An affix-based compiler compiler designed as a logic programming system -- PAGODE: A back end generator using attribute abstract syntaxes and term rewritings -- A tool box for compiler construction -- Tools and techniques of annotated programming -- A compiler with scheduling for a specialized synchronous multiprocessor system -- Using an LALR compiler compiler to generate incremental parsers -- Generating efficient code from continuation semantics -- Optimizing directly executable LR parsers -- SYS/3 ? A software development tool -- An attributed ELL(1)-parser generator -- A hybrid top-down parsing technique -- Computer-aided building of a compiler: An example -- Specification and implementation of a tree-abiding interface for Ada -- Towards a multilingual natural language understanding interface -- Mixed dialogue control defined by an attribute grammar -- Mate - A metasystem with concurrent attribute evaluation -- A practical implementation of DCGs -- Algorithmic debugging for imperative languages with side-effects. 330 $aAdvances and problems in the field of compiler compilers are considered in this volume, which presents the proceedings of the third in a series of biannual workshops on compiler compilers. Selected papers address the topics of requirements, properties, and theoretical aspects of compiler compilers as well as tools and metatools for software engineering. The 23 papers cover a wide spectrum in the field of compiler compilers, ranging from overviews of new compiler compilers for generating quality compilers to special problems of code generation and optimization. Aspects of compilers for parallel systems and knowledge-based development tools are also discussed. 410 0$aLecture Notes in Computer Science,$x0302-9743 ;$v477 606 $aProgramming languages (Electronic computers) 606 $aSoftware engineering 606 $aArchitecture, Computer 606 $aMathematical logic 606 $aArtificial intelligence 606 $aProgramming Languages, Compilers, Interpreters$3https://scigraph.springernature.com/ontologies/product-market-codes/I14037 606 $aSoftware Engineering/Programming and Operating Systems$3https://scigraph.springernature.com/ontologies/product-market-codes/I14002 606 $aComputer System Implementation$3https://scigraph.springernature.com/ontologies/product-market-codes/I13057 606 $aSoftware Engineering$3https://scigraph.springernature.com/ontologies/product-market-codes/I14029 606 $aMathematical Logic and Formal Languages$3https://scigraph.springernature.com/ontologies/product-market-codes/I16048 606 $aArtificial Intelligence$3https://scigraph.springernature.com/ontologies/product-market-codes/I21000 615 0$aProgramming languages (Electronic computers). 615 0$aSoftware engineering. 615 0$aArchitecture, Computer. 615 0$aMathematical logic. 615 0$aArtificial intelligence. 615 14$aProgramming Languages, Compilers, Interpreters. 615 24$aSoftware Engineering/Programming and Operating Systems. 615 24$aComputer System Implementation. 615 24$aSoftware Engineering. 615 24$aMathematical Logic and Formal Languages. 615 24$aArtificial Intelligence. 676 $a005.4/53 702 $aHammer$b Dieter$4edt$4http://id.loc.gov/vocabulary/relators/edt 712 12$aInternational Workshop CC '90 906 $aBOOK 912 $a996465560103316 996 $aCompiler Compilers$92832076 997 $aUNISA LEADER 01190nas 2200409 a 450 001 996205610503316 005 20230627152526.0 011 $a1744-4179 035 $a(OCoLC)42207053 035 $a(CKB)954925568782 035 $a(CONSER) 2008233642 035 $a(EXLCZ)99954925568782 100 $a19990823a19949999 sy 101 0 $aeng 135 $aurmnu||||| 200 10$aBiological rhythm research$b[electronic resource] 210 $a[Lisse, the Netherlands] $cSwets & Zeitlinger Pub 300 $aPublished: Taylor & Francis, <2008-> 300 $aRefereed/Peer-reviewed 311 $a0929-1016 606 $aBiological rhythms$vPeriodicals 606 $aChronobiology$vPeriodicals 606 $aCycles$vPeriodicals 606 $aBiological Clocks 606 $aChronobiology Phenomena 606 $aCircadian Rhythm 608 $aPeriodical. 615 0$aBiological rhythms 615 0$aChronobiology 615 0$aCycles 615 2$aBiological Clocks. 615 2$aChronobiology Phenomena. 615 2$aCircadian Rhythm. 906 $aJOURNAL 912 $a996205610503316 996 $aBiological rhythm research$92396373 997 $aUNISA